Chémia sacharidov /

Salvato in:
Dettagli Bibliografici
Autore principale: Halásová, Gabriela (Autore)
Natura: Libro
Pubblicazione: Bratislava : SVŠT v Bratislave, 1987
Edizione:3. vyd.
Tags: Aggiungi Tag
Nessun Tag, puoi essere il primo ad aggiungerne!!

MARC

LEADER 00000nam a22000003a 4500
001 stu20009
005 20150617225752.6
008 ------s1987----cs----------------------d
040 |a STU  |b slo 
041 0
044 |a cs 
080 |a 547.454/075.8/  |7 A000000781 
100 1 |a Halásová, Gabriela  |4 aut 
245 1 |a Chémia sacharidov /  |c [aut.]Halásová,Gabriela 
250 |a 3. vyd. 
260 |a Bratislava :  |b SVŠT v Bratislave,  |c 1987 
300 |a 172 s :  |b Literatúra 
996 |b 284C018119  |c C*79079  |l CCI  |s A  |a 24  |w stu20009_0001 
996 |b 284C018120  |c C*79078  |l CCI  |s A  |a 24  |w stu20009_0002